Add an A Quiz Stats

Quiz Updated Jun 22, 2015

Also try: Drop an A
Challenge
Share
Tweet
Embed
Score 0/20 Timer 03:00
4 Plays Today
% Correct
BOUT
98%
BROAD
97%
ARE
93%
DRIFT
92.1%
SPIRE
90.9%
WARD
88.9%
ROSE
86.4%
PATHETIC
86.1%
RID
84.1%
COD
79.9%
% Correct
STRINGENT
75.2%
MINIM
74.2%
NODE
73.6%
STERN
73.1%
PACE
72%
ESOTERIC
55.1%
FOR
55%
TINE
40.6%
TAX
29.3%
CHORE
27.5%

You're not logged in!

Compare scores with friends on all Sporcle quizzes.
Join for Free
OR
Log In

You Might Also Like...

Show Comments

Extras

Top Quizzes Today


Score Distribution

Your Account Isn't Verified!

In order to create a playlist on Sporcle, you need to verify the email address you used during registration. Go to your Sporcle Settings to finish the process.

Report this User

Report this user for behavior that violates our Community Guidelines.

Details: